000 00639nam a22001937a 4500
005 2010080400570.0
010 _aENG-97977
020 _a9789380211381
_c70.00
035 _aEN-81510
037 _bDBAD/PUB
082 _a546
100 _aKalaivani, K.
_95702
245 _aInorganic semi micro qualitative analysis /
_cby K. Kalaivani
260 _aTamilnadu
_bEthirveliyedu
_c2008
270 _a305, Police Station Road
_bPollachi
_e642001
300 _a101p.
_bill
_c26cm (pbk)
942 _2ddc
_cEN
_h546
_mKAL
999 _c39109
_d39109